All 1990's Animated Disney Movies - Statistics

General Stats
  • This quiz has been taken 218 times
  • The average score is 7 of 10
Answer Stats
Year Movie % Correct
1991 Beauty and the Beast
88%
1992 Aladdin
86%
1994 The Lion King
84%
1998 Mulan
79%
1995 Pocahontas
77%
1997 Hercules
65%
1999 Tarzan
64%
1996 The Hunchback of Notre Dame
61%
1990 The Rescuer's Down Under
42%
1999 Fantasia 2000
35%
No matching quizzes found
Score Distribution
Percent of People with Each Score
Percentile by Number Answered
Your Score History
You have not taken this quiz